Indian Cities where Test Cricket has been played - Statistics

General Stats
  • This quiz has been taken 288 times
  • The average score is 13 of 20
Answer Stats
Answer % Correct
Mumbai
98%
Chennai
93%
Delhi
93%
Bengaluru
90%
Kolkata
90%
Hyderabad
86%
Pune
80%
Ahmedabad
78%
Jaipur
71%
Nagpur
69%
Lucknow
68%
Indore
64%
Ranchi
58%
Kanpur
56%
Chandigarh
52%
Rajkot
40%
Cuttack
39%
Dharamsala
23%
Visakhapatnam
20%
Jalandhar
11%
No matching quizzes found
Score Distribution
Percent of People with Each Score
Percentile by Number Answered
Your Score History
You have not taken this quiz